000 00748nam a2200289Ia 4500
001 4468
005 20240113233738.0
007 ta
008 050613s1966 a g b000 u asm u
020 _cHB
040 _aCotton College Assam
041 _aasm
082 _a891.4101
_bG 699 B
100 _aGoswami, Upendra Nath .
245 0 _aBhasa Aru Sahitya /
_cUpendra Nath Goswami.
_hTextual Documents
250 _a2nd ed. /
260 _aDibrugarh :
_bBani Mandir ,
_c1966.
300 _a204p. :
_bill. ;
_c22cm .
653 _aAssamese Language
653 _aAssamese Essays
653 _aAssamese Literature
653 _aT/G-Assamese
942 _2ddc
_cBK
999 _c4455
_d4455